Investičné stratégie dôchodkových správcovských spoločností diplomová práca

Enregistré dans:
Détails bibliographiques
Auteur principal: Tuma, Patrik
Collectivité auteur: Národohospodárska fakulta EU. Katedra sociálneho rozvoja a práce
Autres auteurs: Sika, Peter, 1975-
Format: Livre
Langue:slovaque
Publié: Bratislava 2014
Tags: Ajouter un tag
Pas de tags, Soyez le premier à ajouter un tag!

MARC

LEADER 00000nbm a2200000 4500
001 0187352
005 20170201085630.7
041 0 |a slo 
044 |a SK 
245 1 0 |a Investičné stratégie dôchodkových správcovských spoločností  |b diplomová práca  |c Patrik Tuma ; školiteľ: Peter Sika 
264 1 |a Bratislava  |c 2014 
300 |a 72 s. 
100 1 |a Tuma, Patrik 
700 1 |a Sika, Peter, 1975- 
710 2 |a Národohospodárska fakulta EU. Katedra sociálneho rozvoja a práce